[Event "Dortmund Sparkassen op-A 51st"]
[Site "Dortmund"]
[Date "2024.08.18"]
[Round "9"]
[White "Sabirov, Rafael"]
[Black "Lain, Luigi"]
[Result "0-1"]
[WhiteElo "2123"]
[BlackElo "2236"]
[PlyCount "88"]
[EventDate "2024.08.10"]
[EventType "swiss"]
[EventRounds "9"]
[EventCountry "GER"]
[SourceTitle "CBM 221 Extra"]
[Source "ChessBase"]
[SourceDate "2024.09.30"]
[SourceVersion "1"]
[SourceVersionDate "2024.09.30"]
[SourceQuality "1"]

1. d4 Nf6 2. Nc3 d5 3. Bf4 Bf5 4. e3 e6 5. Nf3 Bd6 6. Ne5 0-0 7. g4 Bxe5 8. dxe5 Nxg4 9. Rg1 Qh4 10. Bg3 Qe7 11. Bf4 Qh4 12. Bg3 Qe7 13. Bf4 Qb4 14. a3 Qxb2 15. Na4 Qxc2 16. Qxc2 Bxc2 17. Rxg4 h5 18. Rg3 Bxa4 19. Bh6 g6 20. Bxf8 Kxf8 21. Rc1 c6 22. e4 Nd7 23. exd5 exd5 24. f4 c5 25. Bh3 c4 26. Kd2 Nc5 27. Ke2 d4 28. Rgg1 Rd8 29. Rxc4 Bb5 30. Rgc1 d3+ 31. Kd1 Bxc4 32. Rxc4 b6 33. Kd2 Nb3+ 34. Kd1 Rd4 35. Rc8+ Kg7 36. Rc7 Rxf4 37. e6 Rf2 38. Rd7 Rd2+ 39. Ke1 Re2+ 40. Kd1 Nc5 41. Rxf7+ Kh6 42. Rxa7 Ne4 43. Rc7 Nf2+ 44. Kc1 d2+ 0-1

[Event "GER-ch U25 op-A"]
[Site "Willingen"]
[Date "2024.05.22"]
[Round "5"]
[White "Paeslack, Luis"]
[Black "Sabirov, Rafael"]
[Result "1/2-1/2"]
[WhiteElo "2003"]
[BlackElo "2169"]
[PlyCount "74"]
[EventDate "2024.05.19"]
[EventType "swiss"]
[EventRounds "9"]
[EventCountry "GER"]
[SourceTitle "EXT 2025"]
[Source "ChessBase"]
[SourceDate "2024.10.14"]
[SourceVersion "1"]
[SourceVersionDate "2024.10.14"]
[SourceQuality "1"]

1. d4 d5 2. c4 dxc4 3. Nc3 a6 4. a4 Nc6 5. d5 Na5 6. Bf4 Nf6 7. Nf3 e6 8. dxe6 Bxe6 9. Qc2 Bb4 10. e4 h6 11. Be2 c6 12. 0-0 0-0 13. Na2 Bc5 14. Be5 Nd7 15. Rad1 b5 16. Nd4 Bxd4 17. Bxd4 Nb3 18. Bc3 Qc7 19. f4 f5 20. Bf3 Nbc5 21. axb5 axb5 22. Nb4 Qxf4 23. e5 Nxe5 24. Nxc6 Nxf3+ 25. Rxf3 Qe4 26. Ne7+ Kh7 27. Rg3 g5 28. Qf2 Nd3 29. Rgxd3 cxd3 30. Re1 Qc4 31. Qb6 d2 32. Bxd2 Bf7 33. Bc3 b4 34. Qf6 bxc3 35. Qxf5+ Kh8 36. Qf6+ Kh7 37. Qf5+ Kg7 1/2-1/2